000
00249nam a22001097a 4500
999
_c
533598
_d
533598
040
_c
dlc
082
_a
306.095491
100
_a
M.A.Qadeer
_9
27554
245
_a
Pakistan : A Social and Cultural Transformation
300
_a
321p
942
_2
ddc
_c
BK